| 000 | 01155cam a2200313 a 4500 | ||
|---|---|---|---|
| 001 | 26694 | ||
| 003 | BD-RjUL | ||
| 005 | 20211209051043.0 | ||
| 008 | 140323s1982 ii a b 001 0 eng | ||
| 020 | _a0706917871 (v. 1) : | ||
| 035 | _a(BD-RjUL)26764 | ||
| 040 |
_aDLC _cDLC _dDLC _dBD-RjUL _beng |
||
| 041 | _aeng | ||
| 082 | 0 | 0 |
_a954.04 _219 _bMOM V-1 1982 |
| 100 | 2 |
_aMountbatten of Burma, Louis Mountbatten, _d1900-1979. _952946 |
|
| 245 | 1 | 0 |
_aMountbatten and the partition of India / _c[interviews by] Larry Collins & Dominique Lapierre. _nVolume I _pmarch 22,-August 15, 1947 |
| 260 |
_aNew Delhi : _bVikas, _cc1982. |
||
| 300 |
_a1viii, 1991 p. : _bill. ; _c25 cm. |
||
| 500 | _aSelection of interviews and personal reports and documents of Lord Mountbatten. | ||
| 500 | _aIncludes index. | ||
| 505 | 1 | _av. 1. March 22-August 15, 1947 | |
| 600 | 2 | 0 |
_aMountbatten of Burma, Louis Mountbatten, _cEarl, _d1900-1979. _952946 |
| 651 | 0 |
_aIndia _xHistory _yPartition, 1947. _967867 |
|
| 700 | 1 |
_aCollins, Larry. _980308 |
|
| 700 | 1 |
_aLapierre, Dominique. _980310 |
|
| 942 |
_2ddc _cBK |
||
| 999 |
_c26694 _d26694 |
||